[Event "EU-chT Seniors 50"]
[Site "Novi Sad"]
[Date "2017.06.29"]
[Round "5.2"]
[White "Ratic, Zoran"]
[Black "Mortensen, John"]
[Result "1-0"]
[WhiteElo "1873"]
[BlackElo "2069"]
[PlyCount "37"]
[EventDate "2017.06.25"]
[EventType "team-tourn"]
[EventRounds "9"]
[EventCountry "SRB"]
[SourceTitle "CBM 179 Extra"]
[Source "ChessBase"]
[SourceDate "2017.08.23"]
[SourceVersion "1"]
[SourceVersionDate "2017.08.23"]
[SourceQuality "1"]
[WhiteTeam "Serbia Jugovic 50"]
[BlackTeam "Denmark 50"]
[WhiteTeamCountry "SRB"]
[BlackTeamCountry "DEN"]

1. Nf3 c5 2. c4 Nc6 3. Nc3 g6 4. g3 Bg7 5. Bg2 e6 6. e4 d6 7. d3 Nge7 8. 0-0 0-0 9. Rb1 b6 10. Be3 Bb7 11. Qd2 Re8 12. Bh6 Bh8 13. Ng5 Qd7 14. Qf4 f5 15. Nb5 Rad8 16. Rfe1 Ne5 17. Rbd1 N7c6 18. exf5 exf5 19. Bd5+ 1-0

[Event "EU-chT Seniors 50"]
[Site "Novi Sad"]
[Date "2017.06.27"]
[Round "3.1"]
[White "Ratic, Zoran"]
[Black "Todorovic, Goran M"]
[Result "0-1"]
[WhiteElo "1873"]
[BlackElo "2444"]
[PlyCount "54"]
[EventDate "2017.06.25"]
[EventType "team-tourn"]
[EventRounds "9"]
[EventCountry "SRB"]
[SourceTitle "CBM 179 Extra"]
[Source "ChessBase"]
[SourceDate "2017.08.23"]
[SourceVersion "1"]
[SourceVersionDate "2017.08.23"]
[SourceQuality "1"]
[WhiteTeam "Serbia Jugovic 50"]
[BlackTeam "Serbia 50"]
[WhiteTeamCountry "SRB"]
[BlackTeamCountry "SRB"]

1. e4 c5 2. Nf3 d6 3. Bc4 Nf6 4. Nc3 a6 5. a4 Nc6 6. d3 Bg4 7. Be3 e6 8. h3 Bh5 9. Ba2 Be7 10. Ne2 d5 11. Nf4 Bxf3 12. gxf3 Qd7 13. Qe2 0-0-0 14. Qf1 Ne5 15. Qg2 g5 16. Ne2 Rhg8 17. Ng3 Bd6 18. b3 h5 19. Ke2 h4 20. Nf1 Nh5 21. Nh2 f5 22. exd5 exd5 23. Rae1 Nc6 24. Kd1 Qg7 25. Ke2 Qc3 26. Rc1 Nf4+ 27. Bxf4 Nd4+ 0-1

[Event "Novi Sad Hotel Sajam op 02A"]
[Site "Novi Sad"]
[Date "2016.02.07"]
[Round "3"]
[White "Ratic, Zoran"]
[Black "Ljubisavljevic, Zivojin Z"]
[Result "1/2-1/2"]
[WhiteElo "1901"]
[BlackElo "2139"]
[PlyCount "27"]
[EventDate "2016.02.05"]
[EventType "swiss"]
[EventRounds "9"]
[EventCountry "SRB"]
[SourceTitle "CBM 171 Extra"]
[Source "ChessBase"]
[SourceDate "2016.04.26"]
[SourceVersion "1"]
[SourceVersionDate "2016.04.26"]
[SourceQuality "1"]

1. e4 g6 2. d4 Bg7 3. Nf3 d6 4. Bc4 a6 5. a4 e6 6. 0-0 Nd7 7. Qe2 Ne7 8. c3 0-0 9. Re1 b6 10. e5 Bb7 11. Bf4 dxe5 12. Nxe5 Nxe5 13. Bxe5 Bxe5 14. dxe5 1/2-1/2

[Event "Novi Sad Hotel Sajam op 02A"]
[Site "Novi Sad"]
[Date "2016.02.05"]
[Round "1"]
[White "Ding, Tze How Dilwen"]
[Black "Ratic, Zoran"]
[Result "1-0"]
[WhiteElo "2420"]
[BlackElo "1901"]
[PlyCount "63"]
[EventDate "2016.02.05"]
[EventType "swiss"]
[EventRounds "9"]
[EventCountry "SRB"]
[SourceTitle "CBM 171 Extra"]
[Source "ChessBase"]
[SourceDate "2016.04.26"]
[SourceVersion "1"]
[SourceVersionDate "2016.04.26"]
[SourceQuality "1"]

1. d4 Nf6 2. Nf3 d5 3. c4 e6 4. Qc2 Bd6 5. g3 Ne4 6. Bg2 Nc6 7. 0-0 0-0 8. Nbd2 f5 9. a3 Qf6 10. e3 g5 11. cxd5 exd5 12. Qb3 Ne7 13. Nxe4 fxe4 14. Ne1 Kh8 15. f3 Qg6 16. Bd2 a5 17. Qd1 Ra6 18. fxe4 Rxf1+ 19. Bxf1 dxe4 20. Bxa6 bxa6 21. Bxa5 Nd5 22. Ng2 h5 23. Qe2 h4 24. Rf1 hxg3 25. hxg3 Bxg3 26. Rf8+ Kh7 27. Be1 Bh2+ 28. Kxh2 Qh6+ 29. Kg1 Qxf8 30. Qh5+ Kg8 31. Qxg5+ Qg7 32. Qxd5+ 1-0

[Event "Vojvodina-ch 3rd"]
[Site "Novi Sad"]
[Date "2012.06.29"]
[Round "1"]
[White "Nestorovic, Dejan"]
[Black "Ratic, Zoran"]
[Result "1-0"]
[WhiteElo "2390"]
[BlackElo "1962"]
[PlyCount "57"]
[EventDate "2012.06.29"]
[EventType "swiss"]
[EventRounds "9"]
[EventCountry "SRB"]
[SourceTitle "CBM 149 Extra"]
[Source "ChessBase"]
[SourceDate "2012.08.24"]
[SourceVersion "1"]
[SourceVersionDate "2012.08.24"]
[SourceQuality "1"]

1. d4 d5 2. c4 c6 3. Nf3 Nf6 4. Nc3 g6 5. e3 Bg7 6. Bd3 0-0 7. 0-0 Bg4 8. h3 Bxf3 9. Qxf3 e5 10. dxe5 Nfd7 11. cxd5 Nxe5 12. Qe2 Nxd3 13. Qxd3 Bxc3 14. Qxc3 Qxd5 15. e4 Qh5 16. b3 Nd7 17. Bb2 f6 18. Rad1 Rad8 19. Rd6 Ne5 20. Rxd8 Rxd8 21. f4 Rd3 22. Qc2 Rxh3 23. gxh3 Nf3+ 24. Kg2 Nh4+ 25. Kg3 g5 26. Qc4+ Kf8 27. Bxf6 gxf4+ 28. Rxf4 Ng6 29. Rf3 1-0